000 00299nam a2200121Ia 4500
008 191206s9999 xx 000 0 und d
090 _aDT32C84
245 0 _aBritannia Waives the Rules
260 _aNasionale Boekhandel
260 _cc1963
300 _a112 p. 22 cm.
999 _c15591
_d15591